000 00190nam a2200085 4500
001 1257638
005 20260217120456.0
245 _aYURDUMU ÖZLEDİM
_cGÜLTEN DAYIOĞLU
260 _bALTIN KİTAP
999 _c1257638
_d1257638